Typológia podnikateľských modelov

Pojem podnikateľský model. Zobrazenie podnikateľských modelov. Typológia skutočných podnikateľských modelov.

Salvato in:
Dettagli Bibliografici
Autore principale: Slávik, Štefan, 1955-
Natura: Capitolo di libro
Lingua:slovacco
Soggetti:
Tags: Aggiungi Tag
Nessun Tag, puoi essere il primo ad aggiungerne!!

MARC

LEADER 00000naa a2200000 4500
001 0162973
005 20240502072825.9
041 0 |a slo 
044 |a SK 
245 1 0 |a Typológia podnikateľských modelov  |c Štefan Slávik 
520 |a Pojem podnikateľský model. Zobrazenie podnikateľských modelov. Typológia skutočných podnikateľských modelov. 
610 2 0 |a prostredie podnikateľské 
610 2 0 |a modely 
610 2 0 |a riadenie podnikové 
610 2 0 |a produkty 
610 2 0 |a predaj 
610 2 0 |a zákazníci 
100 1 |a Slávik, Štefan, 1955-